000 01689nam0a2200301 4500
001 RU\NLR\bibl\1293910
005 20260407191828.0
010 _a978-5-364-01100-8
_950
021 _aRU
_b2008-76076
_94393
035 _a(NLR Aleph) 001279558
090 _a490295
_c490295
100 _a20081112d2008 |||y0rusy50 ca
101 0 _arus
102 _aRU
105 _aa |||||||||
200 1 _aКурс ПТ-48
_eсборник кратких жизнеописаний бывших студентов курса ПТ-48 факультета электрификации промышленности и транспорта (ЭПТФ) Моск. энергет. ин-та (МЭИ)
_eк 50-летию окончания института, 1954-2004
_fБ.Н. Макаров
210 _aМосква
_cСпутник
_d2008
215 _a175 с.
_cил., портр.
_d21
601 0 2 _aМосковский энергетический институт
_bФакультет электрификации промышленности и транспорта
_jБиографии
_xВыпускники
_92545594
_3RU\NLR\auth\661506701
686 _aЧ488.751.448
700 1 _4070
_8rus
_7ca
_aМакаров
_bБ. Н.
_cинженер, космонавтика
_f1930-
_gБорис Николаевич
_3RU\NLR\auth\7756694
_939626
712 0 2 _4570
_aМосковский энергетический институт
_bФакультет электрификации промышленности и транспорта
_3RU\NLR\AUTH\8810125068
_9747609
801 0 _aRU
_bNLR
_c20081112
_gRCR
801 1 _aRU
_bNLR
_c20081112
830 _aпо кн.
942 _cBOOK
980 _aNB